000 00259nam a2200109Ia 4500
005 20251222125350.0
008 251222s1900||||xx |||||||||||||| ||spa||
082 _aDVD0150/R79L/2006
245 0 _aLaura Vicuña.
264 _bTelevisión Pastoral.
942 _cCD
999 _c2691
_d2691